Marketingová a inovační strategie firmy

Inovačné správanie podniku je súčasťou celkovej stratégie podniku. Má byť orientované na potreby zákazníkov a na prispôsobenie cieľom celkovej alebo marketingovej stratégie firmy. Potreba definície nových výrobkov v súlade s marketingovým konceptom podniku.

Salvato in:
Dettagli Bibliografici
Autore principale: Obermanová, E.
Natura: Capitolo di libro
Lingua:ceco
Soggetti:
Tags: Aggiungi Tag
Nessun Tag, puoi essere il primo ad aggiungerne!!

MARC

LEADER 00000naa a2200000 4500
001 r018420
005 20221208131307.6
041 0 |a cze 
044 |a CZ 
245 1 0 |a Marketingová a inovační strategie firmy  |c E. Obermanová 
520 |a Inovačné správanie podniku je súčasťou celkovej stratégie podniku. Má byť orientované na potreby zákazníkov a na prispôsobenie cieľom celkovej alebo marketingovej stratégie firmy. Potreba definície nových výrobkov v súlade s marketingovým konceptom podniku. 
610 2 0 |a stratégia podniková 
610 2 0 |a firmy 
610 2 0 |a stratégia marketingová 
610 2 0 |a inovácia 
610 2 0 |a výrobky nové 
610 2 0 |a technológie nové 
100 1 |a Obermanová, E.